000 00916nam a22002777a 4500
005 20110429094722.0
008 110429t xxu||||| |||| 00| 0 eng d
010 _aENG-102358
020 _a9788175332683
_c895.00
035 _aEN-85891
037 _bDBAD/PUB
040 _aDPL
_bENG
100 _927456
_aGupta, Vijay Kumar
245 _aRoles and rituals of Indian women /
_cby Vijay Kumar Gupta
260 _aNew Delhi
_bMD Publications
_c2010
270 _a"MD House", 11, Darya Ganj
_bNew Delhi
_e110002
_k91-11-45355555
_mcontact@mdppl.com
300 _avi,283 p.
_c22cm (Hb)
500 _aIncludes bibliographical references and index
610 _927464
650 _927465
651 _927466
700 _927451
710 _927453
942 _2ddc
_cEN
_mGUP
999 _c51991
_d51991